[Event "Collado Villalba op 38th"]
[Site "Collado Villalba"]
[Date "2021.08.29"]
[Round "9"]
[White "Xia, Yan"]
[Black "Orta Vazquez, Mario"]
[Result "0-1"]
[WhiteElo "1153"]
[BlackElo "1390"]
[PlyCount "100"]
[EventDate "2021.08.21"]
[EventType "swiss"]
[EventRounds "9"]
[EventCountry "ESP"]
[SourceTitle "EXT 2022"]
[Source "ChessBase"]
[SourceDate "2021.10.06"]
[SourceVersion "1"]
[SourceVersionDate "2021.10.06"]
[SourceQuality "1"]

1. e4 c5 2. Nf3 Nc6 3. d4 cxd4 4. Nxd4 g6 5. Nc3 Bg7 6. Be3 a6 7. Qd2 e6 8. Bc4 Nge7 9. 0-0 0-0 10. Nf3 Qc7 11. Bh6 Ne5 12. Be2 Nxf3+ 13. Bxf3 f5 14. Qg5 Rf7 15. Qd2 d6 16. Rad1 fxe4 17. Nxe4 d5 18. Ng3 Bxh6 19. Qxh6 Nf5 20. Nxf5 Rxf5 21. c3 b6 22. Bg4 Rf4 23. Qg5 Bd7 24. Rfe1 Raf8 25. Bxe6+ Bxe6 26. Rxe6 Rxf2 27. Qxd5 Qf7 28. Ree1 Qxd5 29. Rxd5 Rxb2 30. Ra1 Rff2 31. Rg5 Rxa2 32. Rxa2 Rxa2 33. Kf1 Kg7 34. Ke1 Kf6 35. Rd5 Rxg2 36. Rd6+ Ke5 37. Rxb6 Ra2 38. c4 a5 39. c5 Kd5 40. c6 Kd6 41. Ra6 a4 42. Kf1 a3 43. h4 Ra1+ 44. Kg2 a2 45. Kg3 h5 46. Kf4 Rf1+ 47. Kg5 a1Q 48. Rxa1 Rxa1 49. Kxg6 Ra5 50. c7 Kxc7 0-1

[Event "Colmenarejo Autumn op 29th"]
[Site "Colmenarejo"]
[Date "2019.09.29"]
[Round "3"]
[White "Orta Vazquez, Mario"]
[Black "Rapaport, Andres Natalio"]
[Result "1/2-1/2"]
[WhiteElo "1425"]
[BlackElo "1270"]
[PlyCount "70"]
[EventDate "2019.09.15"]
[EventType "swiss"]
[EventRounds "7"]
[EventCountry "ESP"]
[SourceTitle "EXT 2021"]
[Source "ChessBase"]
[SourceDate "2020.10.23"]
[SourceVersion "1"]
[SourceVersionDate "2020.10.23"]
[SourceQuality "1"]

1. Nf3 Nf6 2. b3 g6 3. Bb2 Bg7 4. e3 d5 5. d3 0-0 6. Be2 Nbd7 7. 0-0 Re8 8. Nbd2 c6 9. c4 Nb6 10. Rc1 Bg4 11. h3 Bd7 12. c5 Nc8 13. Ne5 b6 14. cxb6 Nxb6 15. Nxc6 Bxc6 16. Rxc6 Qd7 17. Rc2 Rac8 18. Qb1 Rxc2 19. Qxc2 Rc8 20. Qb1 Qf5 21. Bxf6 Qxf6 22. d4 h5 23. Nf3 Rc3 24. Ne5 Qd6 25. Nd3 e5 26. dxe5 Bxe5 27. Rc1 d4 28. Nxe5 Qxe5 29. Rxc3 dxc3 30. Qc2 Nd5 31. Bf3 Nb4 32. Qe4 Qxe4 33. Bxe4 c2 34. Bxc2 Nxc2 35. Kf1 Kf8 1/2-1/2

[Event "Collado Villalba op-B 36th"]
[Site "Collado Villalba"]
[Date "2019.08.27"]
[Round "5"]
[White "Gijon Molina, Carlos"]
[Black "Orta Vazquez, Mario"]
[Result "0-1"]
[WhiteElo "1165"]
[BlackElo "1426"]
[PlyCount "82"]
[EventDate "2019.08.23"]
[EventType "swiss"]
[EventRounds "9"]
[EventCountry "ESP"]
[SourceTitle "CBM 192 Extra"]
[Source "Chessbase"]
[SourceDate "2019.11.06"]
[SourceVersion "1"]
[SourceVersionDate "2019.11.06"]
[SourceQuality "1"]

1. d4 f5 2. c4 Nf6 3. Nc3 c6 4. Nf3 d6 5. e3 e6 6. Bd3 Be7 7. 0-0 0-0 8. Re1 d5 9. cxd5 cxd5 10. Qc2 Nc6 11. a3 Bd7 12. b4 Rc8 13. Bb2 a6 14. Be2 Ne4 15. Nxe4 fxe4 16. Nd2 Nxd4 17. Qb1 Nc2 18. f3 Nxa1 19. Bxa1 Bf6 20. fxe4 Bxa1 21. Qxa1 Qg5 22. Bf3 Rc2 23. h4 Qg6 24. h5 Qg5 25. Qd1 Ba4 26. Kf2 dxe4 27. Re2 exf3 28. Nxf3 Rxe2+ 29. Qxe2 Qxh5 30. Qd3 Bb5 31. Qe4 Qd5 32. Qc2 e5 33. Kg1 e4 34. Nd2 Bd3 35. Qd1 Qf5 36. a4 h5 37. b5 h4 38. Qb3+ Kh7 39. bxa6 bxa6 40. Qb6 Qf2+ 41. Kh2 Qxd2 0-1

[Event "Collado Villalba 64 op 7th"]
[Site "Collado Villalba"]
[Date "2019.08.03"]
[Round "8"]
[White "Palomino Menendez, Salvador"]
[Black "Orta Vazquez, Mario"]
[Result "1-0"]
[WhiteElo "1882"]
[BlackElo "1426"]
[PlyCount "48"]
[EventDate "2019.07.29"]
[EventType "swiss"]
[EventRounds "9"]
[EventCountry "ESP"]
[SourceTitle "CBM 195 Extra"]
[Source "ChessBase"]
[SourceDate "2020.05.31"]
[SourceVersion "1"]
[SourceVersionDate "2020.05.31"]
[SourceQuality "1"]

1. e4 c5 2. Nc3 Nc6 3. f4 e6 4. Nf3 d6 5. Bb5 a6 6. Bxc6+ bxc6 7. 0-0 Nf6 8. d3 Be7 9. Qe1 0-0 10. Qg3 h6 11. e5 Nh7 12. Ne4 d5 13. Nf2 f5 14. exf6 Bxf6 15. Ng4 Kh8 16. Nfe5 Qe8 17. Be3 d4 18. Bd2 h5 19. Nf2 Bxe5 20. fxe5 Rf5 21. Ne4 Qe7 22. Nd6 Rxf1+ 23. Rxf1 Bd7 24. Rf7 h4 1-0

[Event "Collado Villalba 64 op 7th"]
[Site "Collado Villalba"]
[Date "2019.08.01"]
[Round "5"]
[White "Lopez Rodriguez, Guillermo"]
[Black "Orta Vazquez, Mario"]
[Result "1-0"]
[WhiteElo "1570"]
[BlackElo "1426"]
[PlyCount "89"]
[EventDate "2019.07.29"]
[EventType "swiss"]
[EventRounds "9"]
[EventCountry "ESP"]
[SourceTitle "CBM 195 Extra"]
[Source "ChessBase"]
[SourceDate "2020.05.31"]
[SourceVersion "1"]
[SourceVersionDate "2020.05.31"]
[SourceQuality "1"]

1. e4 c6 2. Nc3 d5 3. Nf3 d4 4. Ne2 c5 5. c3 d3 6. Nf4 c4 7. Qa4+ Bd7 8. Qxc4 Nf6 9. Bxd3 b5 10. Qb3 Qc7 11. e5 Ng4 12. e6 Bxe6 13. Nxe6 Qb6 14. Bxb5+ Nc6 15. Ned4 Rc8 16. Bxc6+ Rxc6 17. Qxb6 Rxb6 18. h3 Nf6 19. d3 e6 20. Nb3 Bd6 21. Be3 Rb7 22. Rb1 0-0 23. Bc5 Rd8 24. Bxd6 Rxd6 25. d4 Ne4 26. 0-0 f5 27. Ne5 a5 28. Nc4 Ra6 29. Ncxa5 Rba7 30. Nc4 Rc7 31. Na3 Nxc3 32. bxc3 Rxa3 33. Rfc1 Rxa2 34. Nc5 Rc6 35. Rb7 e5 36. Re1 e4 37. f3 Rc2 38. fxe4 Rg6 39. Rb8+ Kf7 40. Rb7+ Kg8 41. Rb8+ Kf7 42. g4 Rxc3 43. exf5 Rh6 44. Rb7+ Kf8 45. Ne6+ 1-0

[Event "Collado Villalba 64 op 7th"]
[Site "Collado Villalba"]
[Date "2019.07.31"]
[Round "3"]
[White "Orta Vazquez, Mario"]
[Black "Ferrete Rueda, Juan Carlos"]
[Result "0-1"]
[WhiteElo "1426"]
[BlackElo "1779"]
[PlyCount "78"]
[EventDate "2019.07.29"]
[EventType "swiss"]
[EventRounds "9"]
[EventCountry "ESP"]
[SourceTitle "CBM 195 Extra"]
[Source "ChessBase"]
[SourceDate "2020.05.31"]
[SourceVersion "1"]
[SourceVersionDate "2020.05.31"]
[SourceQuality "1"]

1. Nf3 Nf6 2. b3 g6 3. Bb2 Bg7 4. e3 0-0 5. Be2 d6 6. 0-0 c5 7. d4 cxd4 8. exd4 d5 9. Ba3 Nc6 10. Nbd2 Re8 11. Re1 Bd7 12. Rc1 Qa5 13. Bb2 Qxa2 14. Bc3 Qa3 15. Ra1 Qd6 16. Ne5 Rec8 17. Bb2 Qc7 18. c4 e6 19. Nxd7 Qxd7 20. c5 Qc7 21. Nf3 Ne4 22. Bd3 Nxc5 23. dxc5 Bxb2 24. Ra2 Bg7 25. Qd2 a5 26. Ra4 Nb4 27. Rc1 b6 28. cxb6 Qxc1+ 29. Qxc1 Rxc1+ 30. Bf1 Rb8 31. Rxa5 Rxb6 32. Ra8+ Bf8 33. Ne5 Rb7 34. g3 Kg7 35. Kg2 Bd6 36. Nf3 Bc5 37. Rc8 Rc2 38. Kh3 Rxf2 39. Rxc5 Rxf3 0-1

[Event "Colmenarejo Spring op"]
[Site "Colmenarejo"]
[Date "2019.06.16"]
[Round "6.13"]
[White "Rijpkema, Rimme"]
[Black "Orta Vazquez, Mario"]
[Result "0-1"]
[WhiteElo "1508"]
[BlackElo "1410"]
[PlyCount "74"]
[EventDate "2019.05.05"]
[EventType "swiss"]
[EventRounds "7"]
[EventCountry "ESP"]
[SourceTitle "EXT 2024"]
[Source "ChessBase"]
[SourceDate "2023.10.10"]
[SourceVersion "1"]
[SourceVersionDate "2023.10.10"]
[SourceQuality "1"]

1. c4 Nf6 2. Nc3 e6 3. g3 d5 4. cxd5 exd5 5. d4 Be7 6. Bg2 Bf5 7. Qb3 Nc6 8. Nxd5 Nxd4 9. Qa4+ c6 10. Qxd4 Nxd5 11. e4 Nb4 12. Qxd8+ Rxd8 13. exf5 Nc2+ 14. Ke2 Nxa1 15. Be4 0-0 16. Be3 Rfe8 17. f3 Bf6 18. Nh3 Bxb2 19. Rb1 Bf6 20. Rxb7 Rxe4 21. fxe4 Nc2 22. Bxa7 Nd4+ 23. Ke3 Nb5 24. Bb6 Re8 25. Nf2 Nd6 26. Rc7 Nc4+ 27. Kf4 Be5+ 28. Kf3 Nxb6 29. Rxc6 Rb8 30. Rc5 f6 31. Nd3 Ra8 32. Nxe5 fxe5 33. Rxe5 Kf7 34. Rb5 Nc4 35. Rc5 Nd6 36. Kf4 Rxa2 37. e5 Ra4+ 0-1

[Event "Collado Villalba op-B 35th"]
[Site "Collado Villalba"]
[Date "2018.09.01"]
[Round "9"]
[White "Orta Vazquez, Mario"]
[Black "Buergo Villanueva, Fernando"]
[Result "1-0"]
[WhiteElo "1429"]
[BlackElo "1272"]
[PlyCount "77"]
[EventDate "2018.08.24"]
[EventType "swiss"]
[EventRounds "9"]
[EventCountry "ESP"]
[SourceTitle "CBM 186 Extra"]
[Source "ChessBase"]
[SourceDate "2018.08.24"]
[SourceVersion "1"]
[SourceVersionDate "2018.08.24"]
[SourceQuality "1"]

1. Nf3 Nf6 2. c4 b6 3. g3 Bb7 4. Bg2 d5 5. cxd5 Bxd5 6. Nc3 Bc6 7. d3 Nbd7 8. 0-0 e5 9. Qc2 h6 10. e4 Bd6 11. Ne2 Bb7 12. Nd2 Rc8 13. a3 a5 14. b3 0-0 15. Bb2 Ba6 16. Nc4 Nc5 17. b4 Ncd7 18. bxa5 Bc5 19. d4 exd4 20. Bxd4 Bxd4 21. Nxd4 c5 22. Nf5 b5 23. Ncd6 Rc6 24. Rfd1 Ne5 25. Nxf7 Qe8 26. N7d6 Qe6 27. f4 g6 28. fxe5 Qxe5 29. Nh4 Kg7 30. Nf3 Qe6 31. e5 Nd7 32. Nh4 Nxe5 33. Bxc6 Nxc6 34. Qxc5 b4 35. Qxc6 Qe3+ 36. Kh1 Be2 37. Re1 g5 38. Ndf5+ Rxf5 39. Nxf5+ 1-0

[Event "Collado Villalba op-B 35th"]
[Site "Collado Villalba"]
[Date "2018.08.26"]
[Round "3"]
[White "Melcon Diez, Enrique"]
[Black "Orta Vazquez, Mario"]
[Result "1-0"]
[WhiteElo "1660"]
[BlackElo "1429"]
[PlyCount "64"]
[EventDate "2018.08.24"]
[EventType "swiss"]
[EventRounds "9"]
[EventCountry "ESP"]
[SourceTitle "CBM 186 Extra"]
[Source "ChessBase"]
[SourceDate "2018.08.24"]
[SourceVersion "1"]
[SourceVersionDate "2018.08.24"]
[SourceQuality "1"]

1. c4 Nf6 2. Nc3 e6 3. e4 d6 4. d4 b6 5. Nf3 Be7 6. Bd3 Bb7 7. Qc2 Nbd7 8. e5 dxe5 9. dxe5 Ng4 10. Be4 Bxe4 11. Qxe4 f5 12. exf6 Ngxf6 13. Qxe6 Nc5 14. Qc6+ Nfd7 15. Ne5 0-0 16. Qd5+ Kh8 17. Nf7+ Rxf7 18. Qxf7 Ne5 19. Qd5 Ned3+ 20. Ke2 Bd6 21. Rd1 Qe7+ 22. Kf1 Rf8 23. Rxd3 Nxd3 24. Qxd3 Rd8 25. Qe2 Qf7 26. Be3 Re8 27. Rd1 Bxh2 28. Qd3 h5 29. b3 a6 30. Ne4 Bd6 31. Ng5 Qg8 32. Qg6 Re6 1-0

[Event "Madrid Colmenarejo Autumn op 22nd"]
[Site "Madrid"]
[Date "2017.10.15"]
[Round "5"]
[White "Orta Vazquez, Mario"]
[Black "Bahillo Vallejo, Ignacio"]
[Result "1-0"]
[WhiteElo "1424"]
[BlackElo "1263"]
[PlyCount "87"]
[EventDate "2017.09.17"]
[EventType "swiss"]
[EventRounds "7"]
[EventCountry "ESP"]
[SourceTitle "EXT 2019"]
[Source "ChessBase"]
[SourceDate "2018.10.10"]
[SourceVersion "1"]
[SourceVersionDate "2018.10.10"]
[SourceQuality "1"]

1. c4 c5 2. Nc3 e6 3. Nf3 Nc6 4. d4 cxd4 5. Nxd4 d5 6. cxd5 exd5 7. Bf4 Nf6 8. a3 Bd6 9. Bxd6 Qxd6 10. e3 0-0 11. Be2 a6 12. 0-0 Re8 13. Rc1 Bd7 14. Na4 Nxd4 15. Qxd4 Re4 16. Qc5 Qe6 17. Nb6 Re8 18. Nxd7 Nxd7 19. Qc7 b5 20. Rc6 Qe7 21. Bf3 Ne5 22. Qxe7 Nxf3+ 23. gxf3 R4xe7 24. Rxa6 Re6 25. Rxe6 fxe6 26. Rc1 Ra8 27. Rc6 Kf7 28. Rc7+ Kf6 29. Rb7 Ra5 30. Kg2 h5 31. h4 g6 32. f4 e5 33. Rb6+ Kf5 34. fxe5 Kxe5 35. Rxg6 Kf5 36. Rg5+ Ke4 37. Rxh5 b4 38. axb4 Rb5 39. Rg5 Kd3 40. h5 Kc2 41. h6 Rb8 42. Rxd5 Kxb2 43. h7 Kc3 44. b5 1-0

[Event "Collado Villalba op-B 34th"]
[Site "Collado Villalba"]
[Date "2017.08.28"]
[Round "7"]
[White "Marivela Santos, Juan Carlos"]
[Black "Orta Vazquez, Mario"]
[Result "1-0"]
[WhiteElo "1716"]
[BlackElo "1424"]
[PlyCount "51"]
[EventDate "2017.08.22"]
[EventType "swiss"]
[EventRounds "9"]
[EventCountry "ESP"]
[SourceTitle "CBM 180 Extra"]
[Source "ChessBase"]
[SourceDate "2017.10.06"]
[SourceVersion "1"]
[SourceVersionDate "2017.10.06"]
[SourceQuality "1"]

1. c4 Nf6 2. Nc3 e6 3. Nf3 b6 4. e4 Bb7 5. e5 Ne4 6. Nxe4 Bxe4 7. Be2 Nc6 8. 0-0 Bxf3 9. Bxf3 Rc8 10. d4 Be7 11. Re1 Bg5 12. d5 Bxc1 13. Rxc1 Ne7 14. dxe6 fxe6 15. Qa4 a5 16. c5 bxc5 17. Rxc5 0-0 18. Rxa5 Ng6 19. Ra7 Rb8 20. b3 Rf4 21. Re4 Qg5 22. Rxf4 Nxf4 23. g3 Rf8 24. Ra8 Nh3+ 25. Kg2 Nf4+ 26. Qxf4 1-0

[Event "Collado Villalba op-B 34th"]
[Site "Collado Villalba"]
[Date "2017.08.22"]
[Round "1"]
[White "Alvarez Gonzalez, Eduardo"]
[Black "Orta Vazquez, Mario"]
[Result "1-0"]
[WhiteElo "1761"]
[BlackElo "1424"]
[PlyCount "100"]
[EventDate "2017.08.22"]
[EventType "swiss"]
[EventRounds "9"]
[EventCountry "ESP"]
[SourceTitle "CBM 180 Extra"]
[Source "ChessBase"]
[SourceDate "2017.10.06"]
[SourceVersion "1"]
[SourceVersionDate "2017.10.06"]
[SourceQuality "1"]

1. d4 Nf6 2. Nf3 e6 3. c4 b6 4. g3 Ba6 5. b3 Bb4+ 6. Bd2 Be7 7. Nc3 Bb7 8. Bg2 0-0 9. Qc2 d5 10. cxd5 exd5 11. 0-0 Nbd7 12. Rfd1 Rc8 13. Rac1 Ba3 14. Rb1 c5 15. Qd3 a6 16. Bc1 Bb4 17. Bb2 Re8 18. a3 Ba5 19. Nd2 cxd4 20. Na2 Nc5 21. Qxd4 Bxd2 22. Qxd2 Nxb3 23. Qb4 Nc5 24. e3 a5 25. Bxf6 Qxf6 26. Qxb6 Rc6 27. Qxa5 Ra8 28. Qc3 Qxc3 29. Nxc3 Rd6 30. Bxd5 Bxd5 31. Nxd5 Kf8 32. Ra1 f6 33. Nc3 Rda6 34. Nb5 Rb8 35. Rdb1 Kf7 36. Nd6+ Rxd6 37. Rxb8 Rd2 38. Rab1 Ne4 39. R8b2 Rd3 40. Rb3 Rd2 41. R1b2 Rd1+ 42. Kg2 h5 43. Rb4 Nc5 44. Ra2 f5 45. h4 Nd3 46. Rd4 Ne1+ 47. Kf1 Rb1 48. Ke2 Ng2 49. Rd1 g5 50. hxg5 h4 1-0